Mystery of the Squarest Country Lyrics - Statistics

General Stats
  • This quiz has been taken 141 times
  • The average score is 44 of 108
Answer Stats
Lyrics % Correct
{Slovakia}? No.
85%
{Bangladesh}? No, {Bangladesh} looks like a wizard! (You think everything looks like a wizard!)
82%
{Georgia}? No.
69%
Hmm... {Italy}'s a boot.
68%
What about {Benin} and Togo? No, they're both far too skinny.
66%
And so is {Papua New Guinea}!
63%
Cuba's very long and thin and both {Koreas} are short and squat.
63%
{Malaysia}? Jay, {Malaysia}'s not a square! But there must be one somewhere!
63%
{North Macedonia}? Too round.
63%
Not in {Oman} or the UAE.
63%
And {Yemen}'s more of a rectangle! Yes I can see.
62%
{France} is famously a hexagon, that fact is quite well known.
62%
{Kuwait} looks like a little thumb, Madagascar looks quite lean.
62%
Mozambique has got too many sides, {Uzbekistan} as well.
62%
Both the USA and {Canada} have squares in large amounts, but we're only counting countries, and states don't count.
61%
And {Australia}'s a cat-dog, and Japan we must reject.
59%
But it's not the only one, it's joined by {Sierra Leone}.
59%
{Ghana}? Too long.
59%
Burundi looks quite like a heart, {Qatar} looks like a bean.
58%
And Nauru's nearly a circle and {Somalia}'s a sock.
56%
{India}'s a diamond and Slovenia's a splot.
56%
{Poland} would look like a square if it invaded to the south.
56%
Tajikistan's quite funky, as is elephant head-shaped {Thailand}.
56%
There's no square in {Indonesia}'s 18,000 tiny islands.
56%
{Burkina Faso} is irregular, four-sided it is not.
55%
Little Rwanda? Doesn't stand a hope in hell. Nor does {Israel}. (Are we seriously going to go through every country? Yes, I think it's important.)
55%
{Guatemala} has two squarish sides in this bit in the north. But it won't meet our criteria 'cause it needs a third and fourth.
55%
{Kazakhstan} looks like a turtle with a leaf stuck in its mouth.
55%
{Mali} starts off strongly, but right here it goes to pot.
55%
Little {Paraguay}'s no paradigm, Mauritania's an L.
54%
What about these little countries, {Costa Rica}, Lebanon?
54%
And Malawi's like a seahorse, {Guinea-Bissau}'s a weathered rock.
52%
If you have a lot of coastline then your sides will not be straight, so the squareness of the Philippines, Greece, and {Ireland} won't be great.
52%
{Russia}'s nothing like a square. Too long as far as I'm aware.
52%
Is {Morocco} square? No, it's more of a stair.
51%
There's no square in Singapore, Brunei, {Mauritius}, or Gabon.
51%
They're not square and nor are Denmark, Finland, China, or {Iran}.
51%
Norway, {Sweden}, and New Zealand all have far too crinkly edges.
49%
{Luxembourg}ers are all squares which their borders don't reflect.
48%
Despite a square's efficiency, the {German}s don't come close.
46%
{Chile}'s very, very, very, very, very, long and thin.
45%
Ethiopia and {Switzerland} look like potato wedges.
45%
{Liberia}? No.
45%
Moldova? {Guinea}? Don't be silly.
45%
There's Ukraine, Venezuela, Eritrea, Cyprus and {Kosovo}!
45%
And Iberia would pass but {Spain} alone's not square enough.
44%
The {Vatican}? The {Vati}-can't.
44%
And {Peru} is like a resting dog, Guyana's like a ghost.
42%
Little {Monaco}'s so tiny you can see the piers within.
42%
{San Marino}? {San Mari-no}!
42%
{Timor Leste}? Doesn't pass the test.
42%
{Myanmar}'s like a genie and not even slightly boxy.
41%
What about these landlocked countries like {Nepal} or South Sudan?
41%
{Chad} looks like Jay Leno, Eswatini couldn't be rounder.
39%
And the following are countries with a sticky-outy bit: There's Afghanistan, {Namibia}, the DRC's got two.
38%
So the winner of our contest,Fitting all our tight prescriptions, It's the squarest of the squarest! The nation of the Pharaohs! The land of Cleopatra! The country where the Sphinx is! It's the land of the {Egypt}ians!
38%
{Cameroon} is like a chicken with a huge badonkadonk.
35%
Greenland's not a real country even though it's really big. The {UK} looks like an old witch sitting sideways on a pig.
35%
{Kiribati}? Not square, alas.
35%
{Nicaragua} would look square if you viewed it in 3D.
35%
{Senegal}? Not square at all.
35%
South Sudan has left behind a very square North {Sudan}ese.
35%
If your country's made of islands, then a square you'll never be. There are loads of island nations that are mostly empty sea: Trinidad and Tobago, St. Vincent and the Grenadines, the {Solomon Islands}, the Seychelles,
34%
The Gambia, {Vietnam}, and Panama all look like snakes.
34%
While {Iraq} and Jordan's lines are straight, the angles just aren't right.
34%
The {Netherlands} is flat although its edges do not fit.
32%
{Uganda} cannot be a square because of all the lakes.
32%
{Brazil} is too triangular,
31%
{Equatorial Guinea}'s very square, but unfortunately, since its capital's on an island, then the squarest it can't be.
31%
The CAR so near, so far, {Botswana}'s like a flounder.
31%
But add Ecuador and {Bahrain}, and it's massively improved.
30%
Some parts of {Tuvalu} look rude.
30%
The {Dominican Republic}, that just tapers to the east.
30%
The Maldives, Micronesia, {Fiji}, the Marshall Islands, St. Kitts and Nevis,
30%
Tunisia and {Albania} look like each other.
30%
{Turkey} is too rectangular.
30%
If {Bolivia} expanded, then a square it just might be.
28%
Little {Liechtenstein} and the Argentines are not square in the least.
28%
{Mongolia} looks like a bat, the Congo's kind of foxy.
28%
This monkey is Armenian, this shooting star's {Laotian}.
28%
{Mexico}? No, no, no, no.
27%
Now the only countries left are ones whose squareness are the best. If you know which ones are coming, we're incredibly impressed! Little {Montenegro}'s square if you rotate it some degrees.
27%
{Samoa}'s like a butterfly whose wings have been removed.
27%
{Belize} has one edge here that's straight but this bit's rather lumpy.
25%
{Libya} is nearly square, it's more a parallelogram.
25%
Syria's just a bit too slopey, and {El Salvador}'s too long. (That doesn't rhyme!)
25%
The angles in {Angola} mean it's nearly good to go.
25%
And Cote d'Ivoire and {Suriname} do well in our exam.
24%
{Azerbaijan} looks like a bird that's been run over by a truck.
24%
{Bulgaria}'s too knobbly,
24%
Sri Lanka's like a raindrop, {Kyrgyzstan}'s a bird in flight.
24%
Algeria and {Kenya} are pentagons, Honduras is too bumpy.
23%
Haiti, Croatia, and {Zambia} all have shapes that wrap around.
23%
{Portugal}? Too thin, too tall.
23%
São Tomé and Príncipe, {the Bahamas}, Cape Verde, Tonga, Vanuatu!
23%
{South Africa}'s too wobbly,
23%
And {Nigeria} comes close, although it bulges down below.
21%
Listing every country by its shape is not an easy job when inevitably loads of them look only like a blob.So to make things more efficient, as I'm sure you've got the gist, here are all the blobby countries in a quick compiled list: Andorra, Antigua and Barbuda, Austria, Barbados, Belgium, {Belarus}, Bhutan, Bosnia and Herzegovina,
21%
The {Saudis}? Too much on a slant.
21%
{Comoros} would if it were glued.
20%
{Lesotho}'s sort of squarish but the angle's on the wonk.
18%
{Turkmenistan} looks like something or another.
18%
Jamaica, {Malta}, and Niger are creatures from the ocean.
15%
{Colombia}'s kind of squarish though its borders are quite rough.
14%
{Palau} looks like a jellyfish, Pakistan looks like a duck.
14%
Cambodia, Czechia, {Djibouti}, Dominica, Estonia,
11%
Grenada, {Hungary}, Iceland, Latvia, Lithuania, Romania,
11%
Serbia, St. Lucia, Tanzania, {Uruguay}, Zimbabwe!
11%
No matching quizzes found
Score Distribution
Percent of People with Each Score
Percentile by Number Answered
Your Score History
You have not taken this quiz